header

History and the Enlightenment (Record no. 85815)

MARC details
000 -LEADER
fixed length control field 01971nam a2200373 a 4500
082 04 - DEWEY DECIMAL CLASSIFICATION NUMBER
Classification number 907.2
100 1# - MAIN ENTRY--AUTHOR NAME
Personal name Trevor-Roper, H. R.
245 10 - TITLE STATEMENT
Title History and the Enlightenment
260 ## - PUBLICATION, DISTRIBUTION, ETC. (IMPRINT)
Place of publication New Haven :
Name of publisher Yale University Press,
Year of publication c2010.
300 ## - PHYSICAL DESCRIPTION
Number of Pages xxvi, 314 p.
505 0# - FORMATTED CONTENTS NOTE
Formatted contents note The historical philosophy of the Enlightenment -- The Scottish Enlightenment -- Pietro Giannone and Great Britain -- Dimitrie Cantemir's Ottoman history and its reception in England -- From deism to history: Conyers Middleton -- David Hume, historian -- The idea of the decline and fall of the Roman Empire -- Gibbon and the publication of the Decline and fall of the Roman Empire 1776-1976 -- Gibbon's last project -- The romantic movement and the study of history -- Lord Macaulay: the history of England -- Thomas Carlyle's historical philosophy -- Jacob Burckhardt.
650 #0 - SUBJECT ADDED ENTRY--TOPICAL TERM
Topical Term Historiography.
Topical Term Enlightenment
Topical Term History
Topical Term Historians.
700 1# - ADDED ENTRY--PERSONAL NAME
Personal name Robertson, John,
856 40 - ELECTRONIC LOCATION AND ACCESS
Uniform Resource Identifier http://site.ebrary.com/lib/rucke/Doc?id=10579348

No items available.

© 2026 Rongo University
Contact us: librarian | system librarian | Rongo university